| 000 | 00870nam a22002177a 4500 | ||
|---|---|---|---|
| 999 |
_c17774 _d17774 |
||
| 003 | AR-CdUCM | ||
| 008 | 190509b ||||| |||| 00| 0 spa d | ||
| 040 |
_aMUNICIPALIDAD PROVINCIAL DEL CUSCO _cBIBLIOTECA MUNICIPAL DEL CUSCO |
||
| 082 |
_a335.4 / _bM26 |
||
| 100 |
_aMarx, Karl _92216 |
||
| 245 | _aSobre el sistema colonial del capitalismo / | ||
| 260 |
_aBuenos Aires : _bEdiciones Estudio, _c1964. |
||
| 300 |
_a415 páginas ; _c20 cm. |
||
| 505 | _aContenido: La ideología Alemana -- La revolución en China y en Europa -- La India -- La dominación Británica en la India -- La compañía de la India Oriental -- Los derechos de los arrendatarios Irlandeses ... | ||
| 650 |
_aCapitalismo _93221 |
||
| 650 |
_aColonialismo _98132 |
||
| 650 |
_aImperialismo _93454 |
||
| 700 |
_aEngels, F. (coautor) _94494 |
||
| 942 |
_2ddc _cLIBROS |
||
| 945 |
_aachl _d2019-05-09 |
||